| 000 | 00734pam a2200229 a 4500 | ||
|---|---|---|---|
| 001 | 2141519 | ||
| 005 | 20180220042609.0 | ||
| 008 | 980217s1999 njuab b 001 0 eng | ||
| 010 | _a 98014509 | ||
| 020 | _a0135091918 | ||
| 040 |
_aDLC _cDLC _dDLC |
||
| 041 | _aeng | ||
| 080 | _a363.856 END | ||
| 082 | 0 | 0 |
_a363.856 END _221 |
| 100 | 1 | _a10 | |
| 101 | _aNUT | ||
| 245 | 1 | 0 |
_aCommunity nutrition : _cJeannette Brakhane Endres. |
| 504 | _aIncludes bibliographical references and index. | ||
| 906 |
_a7 _bcbc _corignew _d1 _eocip _f19 _gy-gencatlg |
||
| 942 |
_2ddc _cBK |
||
| 999 |
_c42896 _d42896 |
||